ARRUPE JESUIT UNIVERSITY

CORONAVIRUS -STOP THE SPREAD - CLEAN,DISINFECT,COVER

The Great Lakes of Africa (Record no. 63387)

MARC details
000 -LEADER
fixed length control field 00626nam a2200241Ia 4500
003 - CONTROL NUMBER IDENTIFIER
control field 0100
008 - FIXED-LENGTH DATA ELEMENTS--GENERAL INFORMATION
fixed length control field 130303s9999 xx 000 0 und d
020 ## - INTERNATIONAL STANDARD BOOK NUMBER
International Standard Book Number 1890951358
040 ## - CATALOGING SOURCE
Transcribing agency ARRUPELIB
050 ## - LIBRARY OF CONGRESS CALL NUMBER
Classification number DT365.5.C4613 2003
300 ## - PHYSICAL DESCRIPTION
Other physical details 23 cm
100 ## - MAIN ENTRY--PERSONAL NAME
Personal name Chretien, Jean-Pierre
245 #4 - TITLE STATEMENT
Title The Great Lakes of Africa
245 ## - TITLE STATEMENT
Remainder of title two thousand years of history
260 ## - PUBLICATION, DISTRIBUTION, ETC. (IMPRINT)
Place of publication, distribution, etc New York
260 ## - PUBLICATION, DISTRIBUTION, ETC. (IMPRINT)
Name of publisher, distributor, etc Zone Books
260 ## - PUBLICATION, DISTRIBUTION, ETC. (IMPRINT)
-- 2003
300 ## - PHYSICAL DESCRIPTION
Extent 503p.
650 ## - SUBJECT ADDED ENTRY--TOPICAL TERM
Topical term following geographic name as entry element Body, Human--Religious aspects--Catholic church
650 ## - SUBJECT ADDED ENTRY--TOPICAL TERM
Location of event Catholic church--Doctrines
700 ## - ADDED ENTRY--PERSONAL NAME
Personal name Straus, Scott (tr.)
942 ## - ADDED ENTRY ELEMENTS (KOHA)
Source of classification or shelving scheme Library of Congress Classification
Koha issues (borrowed), all copies 8
Holdings
Withdrawn status Lost status Source of classification or shelving scheme Damaged status Not for loan Collection code Home library Current library Shelving location Date acquired Total Checkouts Total Renewals Full call number Barcode Date last seen Date checked out Copy number Price effective from Koha item type
    Library of Congress Classification     Main Collection ARRUPE LIBRARY ARRUPE LIBRARY   05/03/2013 10 1 DT365.5.C4613 2003 46003098268 07/05/2024 26/02/2024 1 05/03/2013 Monograph ( Printed materials)

 

Arrupe Library. PO Box MP320 Mt Pleasant, Harare, Zimbabwe
263 242 745411|librarian@aju.ac.zw